| 000 | 00777nam a2200265Ia 4500 | ||
|---|---|---|---|
| 003 | OSt | ||
| 005 | 20220928121423.0 | ||
| 006 | a|||||r|||| 00| 0 | ||
| 007 | ta | ||
| 008 | 220927b |||||||| |||| 00| 0 eng d | ||
| 020 | _c1395 | ||
| 024 | _a126187 | ||
| 037 |
_b222, 12/02/2015, N.R.Book Distributors _cTextual |
||
| 040 |
_aSDCL _cSDCL _beng |
||
| 041 |
_2eng _aeng |
||
| 082 | _aD6,8(2),9(G), P4 | ||
| 100 | _aMount David W | ||
| 245 | 0 |
_aBioinformatics _b Sequence and genome analysis |
|
| 250 | _a2nd | ||
| 260 |
_aNew York _b CSHL Press _c2004 |
||
| 300 |
_axii;692p _ccm. |
||
| 650 |
_aPlant Molecular _9392112 |
||
| 942 |
_hD6,8(2),9(G), P4 _cTEXL _2CC |
||
| 999 |
_c766147 _d766147 |
||